• 首页
  • 本馆介绍
  • 公告通知
  • 最新文献
  • 馆藏检索
  • 电子资源
  • 读者导购
  • 参考咨询
  • 我的图书馆
  • 登录
  • 详细信息显示
  • 放入我的书架
  • 预约/预借图书
  • 作者相关作品
  • 分类相关作品
  • 丛书相关作品
  • 出版社相关作品

书目信息

  • 表格格式
  • 工作单格式
  • 卡片格式
题名:
旱区苜蓿
    
 
作者: 孙启忠 , 王宗礼 , 徐丽君 著
分册:  
出版信息: 北京   科学出版社  2014.01
页数: 12,670页
开本: 30cm
丛书名:
单 册:
中图分类: S551
科图分类:
主题词: 紫花苜蓿--研究 , 紫花苜蓿
电子资源:
ISBN: 978-7-03-039057-8
000 01058nam0 2200301 450
001 0120131179374
005 20140609155231.79
010    @a978-7-03-039057-8@b精装@dCNY260.00
100    @a20131202d2014 em y0chiy50 ea
101 0  @achi
102    @aCN@b110000
105    @aabk z 001yy
106    @ar
200 1  @a旱区苜蓿@9han qu mu xu@f孙启忠,王宗礼,徐丽君著
210    @a北京@c科学出版社@d2014.01
215    @a12,670页@c图,地图@d30cm
312    @a封面英文题名:Alfalfa in arid regions
330    @a本书征介绍我国苜蓿优势产业区——旱区苜蓿生态资源、育种、花粉特性、良种繁殖、品种生产力、草地建植、混播草地、杂草调控、水肥管理等理论与技术。
333    @a从事草地农业、畜牧业、草业乃至回复生态学的科技人员、管理者、生产者及苜蓿使用者
510 1  @aAlfalfa in arid regions@zeng
606 0  @a紫花苜蓿@x研究
606 0  @a紫花苜蓿
690    @aS551@v5
701  0 @a孙启忠@9sun qi zhong@4著
701  0 @a王宗礼@9wang zong li@4著
701  0 @a徐丽君@9xu li jun@4著
801  0 @aCN@b人天书店@c20131202
905    @b549912-14@dS551@e51@f3
    
    旱区苜蓿/孙启忠,王宗礼,徐丽君著.-北京:科学出版社,2014.01
    12,670页:图,地图;30cm
    使用对象:从事草地农业、畜牧业、草业乃至回复生态学的科技人员、管理者、生产者及苜蓿使用者
    
    ISBN 978-7-03-039057-8(精装):CNY260.00
    本书征介绍我国苜蓿优势产业区——旱区苜蓿生态资源、育种、花粉特性、良种繁殖、品种生产力、草地建植、混播草地、杂草调控、水肥管理等理论与技术。
●
相关链接 在E读中查询图书 在五车中查询图书 在当当中查询图书 在豆瓣中查询图书


正题名:旱区苜蓿     索取号:S551/51         预约/预借

序号 登录号 条形码 馆藏地/架位号 状态 备注
1 549912   205499129   第二样本阅览室/ [索取号:S551/51] 在馆    
2 549913   205499138   密集书库-生命科学系/ [索取号:S551/51] 在馆    
3 549914   205499147   第三借阅区/ [索取号:S551/51] 在馆    
唐山师范学院图书馆 欢迎您!
大连网信软件有限公司© 版权所有